000 00462nam a2200157 i 4500
001 87474
003 ES-MaACL
005 20230906175658.0
007 t|
008 041222s1931 xxu ||||1| eng d
100 1 _aKretschmer, Herman L.
_968818
245 1 0 _aRecurrence following suprapublic prostatectomy for benign by pertrophy /
_cHerman L. Kretschmer.
260 _aChicago :
_bSurgrial,
_c1931.
300 _a3 p. ;
_c26 cm.
852 _aES-MaACL
_j1768-F-9
999 _c87474
_d87474